Länder Asiens nach Fläche sortiert-mit Karte - Statistiken

Allgemein
  • Dieses Quiz wurde 79 mal gespielt
  • Das Durchschnittsergebnis liegt bei 18 aus 48
Antworten auf der Karte
Die Antworten werden auf der Karte rot bzw. grün angezeigt, abhängig davon wie oft sie richtig erraten wurden.
 
Antwortstatistiken
Fläche Land % Korrekt
9.596.961 China
100%
3.287.263 Indien
98%
2.724.900 Kasachstan
88%
1.904.569 Indonesien
87%
1.648.195 Iran
87%
1.564.116 Mongolei
87%
2.149.690 Saudi-Arabien
87%
796.095 Pakistan
83%
783.562 Türkei
81%
652.230 Afghanistan
75%
676.578 Myanmar
75%
527.968 Jemen
69%
513.120 Thailand
62%
377.915 Japan
60%
447.400 Usbekistan
56%
438.317 Irak
52%
488.100 Turkmenistan
52%
331.210 Vietnam
52%
329.847 Malaysia
40%
309.500 Oman
40%
299.000 Philippinen
35%
185.180 Syrien
31%
236.800 Laos
29%
143.100 Tadschikistan
23%
147.181 Nepal
21%
181.035 Kambodscha
19%
143.998 Bangladesch
17%
199.951 Kirgistan
17%
120.538 Nordkorea
17%
99.720 Südkorea
17%
86.600 Aserbaidschan
13%
89.342 Jordanien
12%
69.700 Georgien
10%
697 Singapur
10%
83.600 Vereinigte Arabische Emirate
10%
29.743 Armenien
8%
65.610 Sri Lanka
8%
36.190 Taiwan
8%
760 Bahrain
6%
38.394 Bhutan
6%
5.765 Brunei
6%
298 Malediven
6%
22.380 Israel
4%
11.586 Katar
4%
17.818 Kuwait
4%
14.874 Osttimor
4%
10.400 Libanon
0%
9.251 Zypern
0%
Keine übereinstimmenden Quizze gefunden
Verteilung der Resultate
Anzahl Personen mit jedem Resultat
Perzentil nach korrekt beantworteten Fragen
Ihre Resultats-Entwicklung
Sie haben dieses Quiz noch nicht gespielt